000 01066cam a2200313 a 4500
999 _c533279
_d533279
001 1952566
003 NUST
005 20191219105315.0
008 870102s1986 pauaf 000 1 eng
010 _a 87100059
038 _aMSOHAIL
040 _aDLC
_cDLC
_dDLC
_dOCoLC
_dDLC
043 _an-us---
050 0 0 _aPS3562.U26
_bB68 1986c
082 0 0 _a813.54
_219
100 1 _aLudlum, Robert,
_d1927-2001.
_910844
245 1 4 _aThe Bourne supremacy /
_cRobert Ludlum ; illustrated by Hodges Soileau.
250 _a1st ed.
260 _aFranklin Center, Pa. :
_bFranklin Library,
_c1986.
300 _a679 p., [2] leaves of plates :
_bill. ;
_c25 cm.
600 1 0 _aBourne, Jason
_c(Fictitious character)
_vFiction.
_923885
600 0 0 _aCarlos,
_cthe Jackal
_vFiction.
_923886
610 1 0 _aUnited States.
_bCentral Intelligence Agency
_vFiction.
_911288
650 0 _aTerrorists
_vFiction.
_923887
655 7 _aAdventure stories.
_2gsafd
_96723
655 7 _aSpy stories.
_2gsafd
_98087
906 _a7
_bcbc
_corignew
_d2
_encip
_f19
_gy-gencatlg
942 _2ddc
_cBK